Property rights and land policies (Record no. 96727)
[ view plain ]
| 000 -LEADER | |
|---|---|
| fixed length control field | 01345nam a2200361Ia 4500 |
| 245 00 - TITLE STATEMENT | |
| Title | Property rights and land policies |
| 260 ## - PUBLICATION, DISTRIBUTION, ETC. (IMPRINT) | |
| Place of publication | Cambridge, MA : |
| Name of publisher | Lincoln Institute of Land Policy, |
| Year of publication | c2009. |
| 300 ## - PHYSICAL DESCRIPTION | |
| Number of Pages | xii, 483 p. : |
| Other physical details | ill., maps. |
| 650 #0 - SUBJECT ADDED ENTRY--TOPICAL TERM | |
| Topical Term | Eminent domain. |
| Topical Term | Land tenure. |
| Topical Term | Land use. |
| Topical Term | Real property. |
| 700 1# - ADDED ENTRY--PERSONAL NAME | |
| Personal name | Hong, Yu-hung. |
| Personal name | Ingram, Gregory K. |
| 856 40 - ELECTRONIC LOCATION AND ACCESS | |
| Uniform Resource Identifier | http://site.ebrary.com/lib/rucke/Doc?id=10606086 |
No items available.
